000 00474nam a2200193 a 4500
001 1765950118420
003 ACL
005 20251217111557.0
008 251217s2007##################000#0#eng##
020 _a9780740770432
082 0 4 _a641.5
_bKUM
100 1 _aKummer, Corby,
_eauthor.
245 1 0 _a1001 Foods To Die For :
260 _bAndrews McMeel Publishing,
_c2007.
300 _a1038 pages
650 0 _aCooking.
942 _cENGLISH
040 _aACL
_beng
_cACL
999 _c602960
_d602960